| 000 | 00562nam a2200193 i 4500 | ||
|---|---|---|---|
| 001 | 86040 | ||
| 003 | ES-MaACL | ||
| 007 | t| | ||
| 008 | 041207s1982 sp ||||1| spa d | ||
| 100 | 1 |
_aKenny, Anthony John Patrick. _967856 |
|
| 245 | 1 | 0 |
_aWittgenstein / _cAnthony Kenny ; versión de Alfredo Deaño. |
| 260 |
_a[Madrid] : _bAlianza, _c[1982] |
||
| 300 |
_a207 p. ; _c20 cm. |
||
| 490 | 1 | _aAlianza universidad | |
| 700 | 1 |
_aDeaño, Alfredo. _943106 |
|
| 830 | 0 |
_aAlianza universidad _9177276 |
|
| 852 |
_aES-MaACL _jL-4352 _bR.103681 |
||
| 999 |
_c86040 _d86040 |
||